00330nam a2200121Ia 4500008004100000040001600041041001200057082001500069100002300084245005100107260003500158300001500193230917s9999||||xx |||||||||||||| ||und|| e59439aMAIN aEnglish a294.6 G41T aGill, Pritam Singh 0aTrinity of Sikhism: Philosophy, religion state aJullundhurbNew Academicc1973 axv, 303 p.